| 000 | 01094nam a2200253Ia 4500 | ||
|---|---|---|---|
| 008 | 0000002002 sp ad 0000000000spa00 | ||
| 090 | _aPSP00 B73g | ||
| 100 | 1 | _aBritto Jinorio, Orlando | |
| 245 | 1 | 0 |
_aGregorio González _c/ texto Orlando Britto Jinorio ; fotografías Teresa Correa |
| 300 |
_a[36] p. _c/ 22 cm. |
||
| 500 | _aExposición realizada en la Galería Artificios, Las Palmas de la Gran Canaria, España, diciembre, 2002 \ Incluye cronología del artista \ Proyecto Ganador Programa Apoyos Concertados FGAA 2010 | ||
| 501 | _aLas dulces formas de la pasión, a Gregorio González / Orlando Britto | ||
| 600 | 0 | 0 |
_aGONZALEZ, GREGORIO, 1960/ _xTRABAJOS PICTORICOS |
| 650 | 1 | 4 | _aARTE CONTEMPORANEO ESPAÑOL |
| 650 | 1 | 4 | _aARTISTAS PLASTICOS ESPAÑOLES EXPOSIONES |
| 650 | 1 | 4 | _xCATALOGOS |
| 650 | 1 | 4 | _xEXPOSICIONES |
| 650 | 1 | 4 | _aPINTORES ESPAÑOLES |
| 650 | 1 | 4 | _aPINTURA (TECNICA MIXTA) |
| 650 | 1 | 4 | _aPINTURA ESPAÑOLA |
| 650 | 1 | 4 | _aPINTURA SOBRE TELA |
| 700 | 1 | _aCorrea, Teresa | |
| 999 |
_c11646 _d11646 |
||
| 260 |
_aLas Palmas de Gran Canaria : Galería Artificios _c2002 |
||